000 00825nam a2200253 a 4500
001 BRCA_4531
005 20190320204715.0
008 220910s1968----mx-a######---#000-0#spa-#
041 _aspa
044 _amx
050 4 _aPQ6353
_b.R65 1968
100 1 _aRojas Garcidueñas, José
_911481
245 1 0 _aPresencias de Don Quijote en las artes de México
_cJosé Rojas Garcidueñas.
250 _a2a ed.
260 _aMéxico:
_bUNAM, Instituto de Investigaciones Estéticas
_c1968
300 _a188 p.
_bil.
_c23 cm.
440 0 _aEstudios y fuentes del arte en México; 26
_911482
500 _aIncluye índice de ilustraciones
504 _aBibliografía: p. 177-181
600 1 4 _aCervantes Saavedra, Miguel de
_d1547-1616
_vIlustraciones
_911483
650 1 4 _aArte mexicano
_92321
902 _aCERV
942 _2lcc
_cB
999 _c4237
_d4237